Gentileos nas ondas / (Record no. 93582)

MARC details
000 -LEADER
campo de control de longitud fija 00617nam a2200205 i 4500
001 - NÚMERO DE CONTROL
campo de control 93582
003 - IDENTIFICADOR DE NÚMERO DE CONTROL
campo de control ES-MaACL
005 - FECHA Y HORA DE LA ÚLTIMA TRANSACCIÓN
campo de control 20230906181250.0
007 - CAMPO FIJO DE DESCRIPCIÓN FÍSICA--INFORMACIÓN GENERAL
campo de control de longitud fija t|
008 - DATOS DE LONGITUD FIJA--INFORMACIÓN GENERAL
campo de control de longitud fija 050414s1958 sp ||||1| spa d
100 1# - ENTRADA PRINCIPAL--NOMBRE DE PERSONA
Nombre de persona López Abente, Gonzalo.
9 (RLIN) 73379
245 10 - MENCIÓN DEL TÍTULO
Título Gentileos nas ondas /
Mención de responsabilidad, etc. Gonzalo López Abente; verbas limiares de Sebastián Risco.
260 ## - PUBLICACIÓN, DISTRIBUCIÓN, ETC.
Lugar de publicación, distribución, etc. [Vigo] :
Nombre del editor, distribuidor, etc. Galaxia,
Fecha de publicación, distribución, etc. 1958.
300 ## - DESCRIPCIÓN FÍSICA
Extensión 97 p., 3 lám. ;
Dimensiones 19 cm.
490 1# - MENCIÓN DE SERIE
Mención de serie Trasalba ;
Designación de volumen o secuencia n. 2
700 1# - ENTRADA AGREGADA--NOMBRE PERSONAL
Nombre de persona Risco, Sebastián.
9 (RLIN) 97460
830 0# - PUNTO DE ACCESO ADICIONAL DE SERIE-TÍTULO UNIFORME
Título uniforme Trasalba ;
Designación de volumen o secuencia n. 2
9 (RLIN) 232107
852 ## - LOCALIZACIÓN
Ubicación ES-MaACL
Número de control de estantería C-15526
Sublocalización o colección R.43067
Holdings
Estatus retirado Estado de pérdida Estado de daño No para préstamo Biblioteca de origen Biblioteca actual Ubicación en estantería Fecha de adquisición Fuente de adquisición Total de préstamos Signatura topográfica completa Código de barras Visto por última vez Precio de reemplazo Tipo de ítem Koha
        Biblioteca del Ateneo de Madrid Biblioteca del Ateneo de Madrid Ficheros 17/01/2008     C-15526 1097725 23/02/2023 23/02/2023 Libro impreso